Normal view
MARC view
- Qasmi, Ghulam Mustafa
Entry Personal Name
001 - CONTROL NUMBER
- control field: 4505
003 - CONTROL NUMBER IDENTIFIER
- control field: NUST
005 - DATE AND TIME OF LATEST TRANSACTION
- control field: 20170830170023.0
008 - FIXED-LENGTH DATA ELEMENTS
- fixed length control field: 170830|| aca||aabn | a|a d
040 ## - CATALOGING SOURCE
- Original cataloging agency: NUST
- Transcribing agency: NUST
100 ## - HEADING--PERSONAL NAME
- Personal name: Qasmi, Ghulam Mustafa
670 ## - SOURCE DATA FOUND
- Source citation: Work cat.: (NUST): Qasmi, Ghulam Mustafa, Allama Ghulam Mustafa Qasmi:, 2006
